书目信息 |
| 题名: |
学校管理心理学
|
|
| 作者: | ;中央教育行政学院等单位协作 编写 | |
| 分册: | ||
| 出版信息: | 北京 教育科学出版社 1986 |
|
| 页数: | 359页 | |
| 开本: | 19cm | |
| 丛书名: | ||
| 单 册: | ||
| 中图分类: | G47 , B849 | |
| 科图分类: | ||
| 主题词: | 学校管理-管理心理学 , 管理心理学-学校管理 , 应用心理学 | |
| 电子资源: | ||
| ISBN: | ||
| 000 | 00778nam0 2200265 45 | |
| 001 | 1556752933 | |
| 005 | 20150128105819.46 | |
| 010 | @dCNY1.90 | |
| 091 | @aCN@b7232.216 | |
| 091 | @aCN@b7232.261 | |
| 100 | @a19950704d1986 em y0chiy0121 ea | |
| 101 | 0 | @achi |
| 102 | @aCN@b110000 | |
| 105 | @ay z 000yy | |
| 200 | 10 | @a学校管理心理学@Axue xiao guan li xin li xue@f中央教育行政学院等单位协作编写 |
| 210 | @a北京@c教育科学出版社@d1986 | |
| 215 | @a359页@d19cm | |
| 606 | @a学校管理-管理心理学 | |
| 606 | @a管理心理学-学校管理 | |
| 606 | 0 | @a应用心理学 |
| 690 | @aG47@v3 | |
| 690 | @aB849@v4 | |
| 711 | 02 | @a中央教育行政学院等单位协作@Azhong yang jiao yu xing zheng xue yuan deng dan wei xie zuo@4编写 |
| 801 | 0 | @aCN@bTSSF@c20150128 |
| 905 | @aZUCC@dB849@eJY22 | |
| 学校管理心理学/中央教育行政学院等单位协作编写.-北京:教育科学出版社,1986 |
| 359页;19cm |
| ISBN :CNY1.90 |
| ● |
| 相关链接 |
|
|
|
|
正题名:学校管理心理学
索取号:B849/JY22
 
预约/预借
| 序号 | 登录号 | 条形码 | 馆藏地/架位号 | 状态 | 备注 |
| 1 | 7846002 | 278460023 | 学院路分馆/ [索取号:B849/JY22] | 在馆 | |
| 2 | 7846003 | 278460032 | 学院路分馆/ [索取号:B849/JY22] | 在馆 | |
| 3 | 7846004 | 278460041 | 学院路分馆/ [索取号:B849/JY22] | 在馆 | |
| 4 | 7846005 | 278460050 | 学院路分馆/ [索取号:B849/JY22] | 在馆 |